Normal view
MARC view
- Textbooks
Entry Genre/Form Term
001 - CONTROL NUMBER
- control field: 40082
003 - CONTROL NUMBER IDENTIFIER
- control field: OSt
005 - DATE AND TIME OF LATEST TRANSACTION
- control field: 20190930194055.0
008 - FIXED-LENGTH DATA ELEMENTS
- fixed length control field: 190930|| aca||aabn | a|a d
040 ## - CATALOGING SOURCE
- Original cataloging agency: OSt
- Transcribing agency: OSt
155 ## - HEADING--GENRE/FORM TERM
- Genre/form term: Textbooks
- Form subdivision: for English speakers.
670 ## - SOURCE DATA FOUND
- Source citation: Work cat.: (OSt)0: Ren, Yi, author. 40077, Learning Mandarin Chinese characters: Volume 1/
